[Event "FIDE World Rapid 2014"]
[Site "Dubai UAE"]
[Date "2014.06.17"]
[Round "6.10"]
[White "Jobava, Baadur"]
[Black "Ragger, Markus"]
[Result "1/2-1/2"]
[WhiteTitle "GM"]
[BlackTitle "GM"]
[WhiteElo "2713"]
[BlackElo "2632"]
[WhiteFideId "13601520"]
[BlackFideId "1610856"]
[EventDate "2014.06.16"]

1. e4 e5 2. Nf3 Nc6 3. Bc4 Nf6 4. d3 Bc5 5. c3 O-O 6. b4 Be7 7. Nbd2 d5 8. Bb3
h6 9. O-O Be6 10. Qe2 a6 11. Rd1 Re8 12. Nf1 Qd7 13. Ng3 Rad8 14. h3 Bf8 15. a4
Qc8 16. Bc2 b5 17. axb5 axb5 18. d4 exd4 19. e5 Nd7 20. Nxd4 Ndxe5 21. Nxe6 Qxe6
22. Qxb5 d4 23. Bf5 Qb3 24. Bf4 Qxc3 25. Rab1 Rb8 26. Qd5 Rbd8 27. Qb5 d3 28.
Rdc1 Qd4 29. Be3 Qd5 30. Qxd5 Rxd5 31. Be4 Rd6 32. Nf5 d2 33. Rd1 Rdd8 34. b5
Na5 35. Bxd2 Nec4 36. Bxa5 Nxa5 37. Rxd8 Rxd8 38. Ne3 Rb8 39. Rc1 Rxb5 40. Rxc7
Rc5 41. Rd7 Nc6 42. Nd5 Rc4 43. f3 Ne5 44. Rd8 g6 45. Re8 Nd7 46. Ne3 Rc1+ 47.
Kf2 Nf6 48. Rd8 Nxe4+ 49. fxe4 Kg7 50. Rd3 Bc5 51. Kf3 Bxe3 52. Rxe3 Rc2 53. e5
Rc1 54. Ke4 1/2-1/2

[Event "FIDE World Rapid 2014"]
[Site "Dubai UAE"]
[Date "2014.06.17"]
[Round "6.11"]
[White "Tomashevsky, Evgeny"]
[Black "Georgiev, Kiril"]
[Result "1-0"]
[WhiteTitle "GM"]
[BlackTitle "GM"]
[WhiteElo "2695"]
[BlackElo "2644"]
[WhiteFideId "4147235"]
[BlackFideId "2900017"]
[EventDate "2014.06.16"]

1. d4 Nf6 2. c4 e6 3. Nc3 Bb4 4. e3 O-O 5. Bd3 d5 6. Nf3 b6 7. O-O Bb7 8. cxd5
exd5 9. a3 Bd6 10. b4 Nbd7 11. Qb3 c6 12. a4 Re8 13. Ba3 Rb8 14. Rfe1 c5 15.
bxc5 bxc5 16. Qc2 a6 17. a5 Qc7 18. Bf5 cxd4 19. Bxd6 Qxd6 20. Nxd4 Ne5 21. Reb1
Nc4 22. Qa2 g6 23. Bh3 Ba8 24. g3 Qc5 25. Nce2 Kg7 26. Bg2 Bc6 27. Qc2 Bd7 28.
Rxb8 Rxb8 29. Qc3 Qb4 30. h3 Qb2 31. Qxb2 Rxb2 32. Nc3 Be6 33. Na4 Rb8 34. g4 h6
35. Bf1 Ne4 36. Bd3 Ned6 37. Nc5 Bc8 38. Be2 Rb2 39. Bf3 Nb5 40. Bxd5 Nxd4 41.
Bxc4 Rc2 42. Bxa6 Nb3 43. Nxb3 Bxa6 44. Rc1 Ra2 45. Rc5 Bb7 46. h4 Bf3 47. g5 h5
48. Nd4 Be4 49. Re5 Ba8 50. f3 Kf8 51. Rb5 Ke7 52. e4 Kd6 53. Kf1 Ra4 54. Rb6+
Ke5 55. Ne2 Rxa5 56. Kf2 Ra7 57. Rf6 Rb7 58. Ra6 Rb8 59. Kg3 Rd8 60. Nf4 Bb7 61.
Rf6 Rd7 62. Kf2 Bxe4 63. fxe4 Kxe4 64. Kg3 Rc7 65. Ng2 Rc3+ 66. Kh2 Rc7 67. Rf4+
Ke5 68. Kg3 Ke6 69. Rf6+ Ke7 70. Nf4 Rc3+ 71. Kf2 Ra3 72. Nd5+ Kd7 73. Rf4 Ke6
74. Nf6 Ra2+ 75. Kg3 Ra1 76. Re4+ Kf5 77. Re3 Rg1+ 78. Kh2 Ra1 79. Rf3+ Ke6 80.
Ng8 Ra4 81. Kg3 Ra8 82. Nh6 f5 83. gxf6 Rh8 84. f7 Rf8 85. Rf4 1-0

[Event "FIDE World Rapid 2014"]
[Site "Dubai UAE"]
[Date "2014.06.17"]
[Round "6.12"]
[White "Aronian, Levon"]
[Black "Riazantsev, Alexander"]
[Result "1-0"]
[WhiteTitle "GM"]
[BlackTitle "GM"]
[WhiteElo "2815"]
[BlackElo "2692"]
[WhiteFideId "13300474"]
[BlackFideId "4125029"]
[EventDate "2014.06.16"]

1. c4 e6 2. g3 d5 3. Bg2 Nf6 4. Nf3 dxc4 5. Qa4+ Bd7 6. Qxc4 c5 7. Ne5 Qc8 8.
Nxd7 Qxd7 9. Nc3 Nc6 10. O-O Rc8 11. Qa4 Be7 12. a3 O-O 13. b4 c4 14. Qb5 Rfd8
15. Rb1 b6 16. Rd1 Nd5 17. Bb2 Nxc3 18. Bxc3 Nd4 19. Qxd7 Rxd7 20. Kf1 Nb5 21.
Bb2 Bf6 22. Bxf6 gxf6 23. a4 Na3 24. Rbc1 c3 25. dxc3 Rxd1+ 26. Rxd1 Rxc3 27.
Bf3 Nc4 28. Rd7 a5 29. bxa5 bxa5 30. Bh5 Ne5 31. Ra7 Rc5 32. f4 Ng6 33. Bf3 f5
34. h4 Kg7 35. h5 Nf8 36. h6+ Kf6 37. Kf2 e5 38. Bh5 Ng6 39. Ra6+ Ke7 40. Bxg6
fxg6 41. Ra7+ Kf8 42. fxe5 Rxe5 43. Rxh7 g5 44. Ra7 Kg8 45. Rg7+ Kh8 46. Rxg5
Kh7 47. g4 Re4 48. Rxf5 Rxg4 49. Rxa5 Kxh6 50. Ra8 Kg7 51. a5 1-0

[Event "FIDE World Rapid 2014"]
[Site "Dubai UAE"]
[Date "2014.06.17"]
[Round "6.14"]
[White "Guseinov, Gadir"]
[Black "Malakhov, Vladimir"]
[Result "1/2-1/2"]
[WhiteTitle "GM"]
[BlackTitle "GM"]
[WhiteElo "2613"]
[BlackElo "2694"]
[WhiteFideId "13401378"]
[BlackFideId "4120787"]
[EventDate "2014.06.16"]

1. e4 e5 2. Nf3 Nc6 3. Bb5 Nf6 4. O-O Nxe4 5. Re1 Nd6 6. Nxe5 Be7 7. Bf1 Nf5 8.
Nf3 O-O 9. d4 d5 10. Nc3 Bb4 11. Bf4 h6 12. a3 Bxc3 13. bxc3 Be6 14. Qd2 Na5 15.
Ne5 Nc4 16. Nxc4 dxc4 17. Re5 c6 18. Bxc4 Bxc4 19. Rxf5 Kh7 20. Re5 Re8 21. Rae1
Qd7 22. Qe3 Rxe5 23. Qxe5 b5 24. h3 Qe6 25. Qxe6 Bxe6 26. Re3 Re8 27. f3 f6 28.
Kf2 Kg6 29. Bd6 Kf7 30. Ke1 Bc4 31. Rxe8 1/2-1/2

[Event "FIDE World Rapid 2014"]
[Site "Dubai UAE"]
[Date "2014.06.17"]
[Round "6.15"]
[White "Cheparinov, Ivan"]
[Black "Iturrizaga Bonelli, Eduardo"]
[Result "1/2-1/2"]
[WhiteTitle "GM"]
[BlackTitle "GM"]
[WhiteElo "2682"]
[BlackElo "2653"]
[WhiteFideId "2905540"]
[BlackFideId "3901211"]
[EventDate "2014.06.16"]

1. d4 Nf6 2. c4 c5 3. d5 b5 4. cxb5 a6 5. bxa6 g6 6. Nc3 Bxa6 7. Nf3 Bg7 8. e4
Bxf1 9. Kxf1 d6 10. g3 O-O 11. Kg2 Nbd7 12. a4 Ra6 13. Qc2 Qa8 14. Ra3 Rc8 15.
h3 e6 16. dxe6 fxe6 17. Rd1 d5 18. exd5 exd5 19. Nb5 d4 20. Kg1 Nd5 21. Re1 Nb4
22. Qb3+ Qd5 23. Qxd5+ Nxd5 24. Bd2 Rca8 25. b3 h6 26. Raa1 Rf8 27. Nh2 g5 28.
Rac1 Raf6 29. Rf1 Re6 30. Rce1 Rc6 31. Re4 Ne5 32. Kg2 Nd3 33. f3 Nf6 34. Re2
Nd5 35. Re4 Nf6 36. Re2 Nd5 37. Rd1 Nb2 38. Rb1 c4 39. bxc4 Nxc4 40. Rb3 Nce3+
41. Bxe3 Nxe3+ 42. Kf2 Rc1 43. Re1 Rc2+ 44. Re2 Rc1 45. Re1 Rc2+ 46. Re2 Rc1 47.
Re1 1/2-1/2

[Event "FIDE World Rapid 2014"]
[Site "Dubai UAE"]
[Date "2014.06.17"]
[Round "6.16"]
[White "Harikrishna, Pentala"]
[Black "Matlakov, Maxim"]
[Result "1-0"]
[WhiteTitle "GM"]
[BlackTitle "GM"]
[WhiteElo "2726"]
[BlackElo "2689"]
[WhiteFideId "5007003"]
[BlackFideId "4168003"]
[EventDate "2014.06.16"]

1. e4 c5 2. Nf3 e6 3. b3 a6 4. Bb2 Nc6 5. Be2 Nf6 6. Nc3 d5 7. exd5 exd5 8. d4
Bg4 9. Ne5 Bf5 10. Nxc6 bxc6 11. O-O cxd4 12. Qxd4 Bd6 13. Bd3 Bxd3 14. cxd3 O-O
15. Rac1 Re8 16. Rfe1 c5 17. Qh4 Qd7 18. Na4 Rxe1+ 19. Rxe1 Re8 20. Rxe8+ Qxe8
21. Kf1 Be5 22. Ba3 c4 23. dxc4 Ne4 24. Qe7 Qxe7 25. Bxe7 dxc4 26. bxc4 Nd2+ 27.
Ke2 Nxc4 28. Kd3 Na5 29. Ke4 f6 30. Kd5 Kf7 31. Bb4 Nb7 32. g3 Ke8 33. f4 Bb8
34. Kc6 Nd8+ 35. Kb6 g5 36. fxg5 fxg5 37. Nc5 h5 38. Nxa6 Be5 39. a4 h4 40. Be1
Bd4+ 41. Kb5 h3 42. a5 Ne6 43. Kc6 Kd8 44. Kd5 Ke7 45. Bb4+ Kd7 46. Nc5+ Bxc5
47. Bxc5 g4 48. Be3 Nc7+ 49. Ke5 Kc6 50. Kf5 Nd5 51. Bd2 1-0

[Event "FIDE World Rapid 2014"]
[Site "Dubai UAE"]
[Date "2014.06.17"]
[Round "6.19"]
[White "Vallejo Pons, Francisco"]
[Black "Sokolov, Ivan"]
[Result "1/2-1/2"]
[WhiteTitle "GM"]
[BlackTitle "GM"]
[WhiteElo "2698"]
[BlackElo "2650"]
[WhiteFideId "2205530"]
[BlackFideId "14400030"]
[EventDate "2014.06.16"]

1. e4 e5 2. Nf3 Nc6 3. Bb5 f5 4. Nc3 fxe4 5. Nxe4 Nf6 6. Qe2 d5 7. Nxf6+ gxf6 8.
Nd4 Qd6 9. Qh5+ Kd8 10. Nxc6+ bxc6 11. Be2 e4 12. O-O Qe5 13. d3 Qxh5 14. Bxh5
exd3 15. cxd3 Bf5 16. d4 Rb8 17. b3 Kd7 18. Be3 a5 19. Bf3 Rg8 20. h4 Bd6 21. g3
a4 22. Bd1 Ba3 23. bxa4 Bb2 24. Bb3 Bxa1 25. Rxa1 Bd3 26. h5 Rbe8 27. h6 Rg6 28.
Rc1 f5 29. Rc3 Rxe3 30. fxe3 Be4 31. a5 Rxg3+ 32. Kf2 Rg8 33. Ba4 Rg2+ 34. Ke1
Rxa2 35. Bxc6+ Kd6 36. Be8 Rxa5 37. Rc6+ Ke7 38. Bh5 Ra7 39. Kf2 Ra2+ 40. Kg3
Rg2+ 41. Kf4 Rf2+ 42. Ke5 Rh2 43. Bd1 Kd7 44. Rf6 Kc8 45. Ba4 Rh3 46. Bc6 Kb8
47. Bxd5 Rxe3 48. Rf8+ Ka7 49. Rf7 Bh1+ 50. Kf4 Bxd5 51. Rxh7 Rh3 52. Rxc7+ Kb6
53. Rh7 Be4 54. Rh8 Rh4+ 55. Ke5 Bd3 56. d5 f4 57. d6 Bb5 58. Rb8+ Ka6 59. Rxb5
Rh5+ 60. Kxf4 Rxb5 61. h7 Rb8 62. Ke5 Rh8 63. d7 Kb7 64. Kf6 Kc7 65. Kg7 Rxh7+
66. Kxh7 Kxd7 1/2-1/2

[Event "FIDE World Rapid 2014"]
[Site "Dubai UAE"]
[Date "2014.06.17"]
[Round "6.20"]
[White "Nguyen, Ngoc Truong Son"]
[Black "Vitiugov, Nikita"]
[Result "1-0"]
[WhiteTitle "GM"]
[BlackTitle "GM"]
[WhiteElo "2621"]
[BlackElo "2742"]
[WhiteFideId "12401110"]
[BlackFideId "4152956"]
[EventDate "2014.06.16"]

1. d4 Nf6 2. Nf3 e6 3. Bf4 c5 4. e3 d5 5. c3 Nc6 6. Nbd2 Bd6 7. Bg3 O-O 8. Bd3
Re8 9. Ne5 Bxe5 10. dxe5 Nd7 11. Nf3 b6 12. O-O Bb7 13. b4 h6 14. b5 Ne7 15. Nd2
a6 16. a4 Nf5 17. Qf3 Qg5 18. Bf4 Qe7 19. Qg4 axb5 20. axb5 Nf8 21. Bxf5 exf5
22. Qxf5 Qe6 23. Qd3 Ng6 24. Nf3 Qg4 25. Bg3 Qe4 26. Qxe4 dxe4 27. Nd2 Bd5 28.
Ra6 Rxa6 29. bxa6 Ra8 30. Ra1 Nf8 31. f3 b5 32. Ra5 Ne6 33. a7 Bc6 34. c4 b4 35.
f4 g6 36. Bh4 Kf8 37. Nb3 Ke8 38. g4 g5 39. f5 Nd8 40. Be1 Bd7 41. Nxc5 Nc6 42.
Ra6 Nxe5 43. Bxb4 Nc6 44. Bc3 Rxa7 45. Rxa7 Nxa7 46. Nxe4 Bc6 47. Nf6+ Kf8 48.
Nh5 Bf3 49. Bg7+ Ke7 50. h3 1-0

[Event "FIDE World Rapid 2014"]
[Site "Dubai UAE"]
[Date "2014.06.17"]
[Round "6.21"]
[White "Moiseenko, Alexander"]
[Black "Volokitin, Andrei"]
[Result "0-1"]
[WhiteTitle "GM"]
[BlackTitle "GM"]
[WhiteElo "2707"]
[BlackElo "2638"]
[WhiteFideId "14102560"]
[BlackFideId "14107090"]
[EventDate "2014.06.16"]

1. d4 Nf6 2. c4 g6 3. Nc3 d5 4. Nf3 Bg7 5. e3 O-O 6. b4 b6 7. Ba3 Bb7 8. Rc1
Nbd7 9. c5 c6 10. Be2 Qc7 11. O-O e5 12. Qb3 e4 13. Nd2 Rfb8 14. Qc2 b5 15. Nb3
Bc8 16. Na5 Nf8 17. Bb2 Ng4 18. Bxg4 Bxg4 19. a4 a6 20. Ra1 h5 21. Ra3 h4 22. h3
Be6 23. Rfa1 Nh7 24. Nxc6 Qxc6 25. axb5 axb5 26. Rxa8 Rxa8 27. Rxa8+ Qxa8 28.
Nxb5 Qb8 29. Qe2 Ng5 30. Bc3 Bxh3 31. Nd6 Bd7 32. Qa2 Be6 33. b5 Bf8 34. b6 Bxd6
35. Qa7 Bh2+ 36. Kh1 h3 37. c6 hxg2+ 38. Kxg2 Bh3+ 39. Kh1 Qc8 40. Kxh2 Nf3+ 41.
Kh1 Qg4 42. Qb8+ Kg7 43. Qg3 Qh5 0-1

[Event "FIDE World Rapid 2014"]
[Site "Dubai UAE"]
[Date "2014.06.17"]
[Round "6.22"]
[White "Kryvoruchko, Yuriy"]
[Black "Hansen, Eric"]
[Result "1-0"]
[WhiteTitle "GM"]
[BlackTitle "GM"]
[WhiteElo "2707"]
[BlackElo "2584"]
[WhiteFideId "14109182"]
[BlackFideId "2606771"]
[EventDate "2014.06.16"]

1. e4 c5 2. Nf3 e6 3. Nc3 a6 4. d4 cxd4 5. Nxd4 Qc7 6. Be2 Nf6 7. O-O Bb4 8. Qd3
Nc6 9. Kh1 Nxd4 10. Qxd4 Bc5 11. Qd3 b5 12. f4 Bb7 13. Bf3 b4 14. e5 bxc3 15.
exf6 gxf6 16. Qxc3 Bxf3 17. Rxf3 Ke7 18. b3 Bd6 19. Qd3 Rac8 20. c4 f5 21. Bb2
Rhg8 22. Rd1 Bc5 23. Qc3 Rg6 24. b4 Ba7 25. c5 Qb7 26. Qd2 d5 27. cxd6+ Kd7 28.
Rc1 Rxc1+ 29. Qxc1 Bb6 30. Qf1 Rg8 31. Ra3 Qe4 32. Rxa6 Qxb4 33. Ba3 Qe4 34.
Rxb6 1-0

[Event "FIDE World Rapid 2014"]
[Site "Dubai UAE"]
[Date "2014.06.17"]
[Round "6.23"]
[White "Yudin, Sergei"]
[Black "Kasimdzhanov, Rustam"]
[Result "1-0"]
[WhiteTitle "GM"]
[BlackTitle "GM"]
[WhiteElo "2546"]
[BlackElo "2700"]
[WhiteFideId "4159659"]
[BlackFideId "14200244"]
[EventDate "2014.06.16"]

1. e4 e5 2. Nf3 Nc6 3. Bc4 Bc5 4. c3 Nf6 5. b4 Bb6 6. d3 d6 7. O-O h6 8. a4 a6
9. Nbd2 O-O 10. Bb3 d5 11. Bb2 Be6 12. Re1 Re8 13. h3 d4 14. Bxe6 Rxe6 15. Nc4
dxc3 16. Bxc3 Bd4 17. Bxd4 Nxd4 18. Ncxe5 Nxf3+ 19. Nxf3 Qd7 20. Qc2 Rd8 21.
Rad1 Qe7 22. Qc5 Qd7 23. b5 axb5 24. axb5 Rb6 25. Ne5 Qd6 26. Rc1 Nd7 27. Qxd6
Rxd6 28. Nf3 Rxd3 29. Rxc7 b6 30. Ra1 Nc5 31. Raa7 Rd1+ 32. Kh2 R1d7 33. Rxd7
Rxd7 34. Rxd7 Nxd7 35. Nd4 Kf8 36. Kg3 Ke7 37. f4 Kd6 38. Kf3 Kc5 39. Ke3 h5 40.
e5 g6 41. Nc6 f5 42. e6 Nf6 43. Ne5 Nd5+ 44. Kf3 Ne7 45. Kg3 Kxb5 46. Kh4 Kc5
47. Kg5 Kd6 48. Kf6 Nd5+ 49. Kf7 b5 50. Nd3 h4 51. Nb4 Ne7 52. Kf6 Nc8 1-0

[Event "FIDE World Rapid 2014"]
[Site "Dubai UAE"]
[Date "2014.06.17"]
[Round "6.24"]
[White "Debashis, Das"]
[Black "Naiditsch, Arkadij"]
[Result "0-1"]
[WhiteTitle "GM"]
[BlackTitle "GM"]
[WhiteElo "2484"]
[BlackElo "2705"]
[WhiteFideId "5024854"]
[BlackFideId "4650891"]
[EventDate "2014.06.16"]

1. d4 Nf6 2. c4 g6 3. Nc3 Bg7 4. e4 d6 5. Nf3 O-O 6. Be2 e5 7. Be3 Ng4 8. Bg5 f6
9. Bh4 g5 10. Bg3 Nh6 11. h3 Nc6 12. d5 Ne7 13. Bh2 g4 14. hxg4 Nxg4 15. Nh4
Nxh2 16. Rxh2 f5 17. Bd3 f4 18. Qf3 Bd7 19. O-O-O Qc8 20. Be2 Rf6 21. Rdh1 Qf8
22. Bd3 Rh6 23. Bc2 Re8 24. Ba4 c6 25. Bb3 c5 26. Ba4 Bxa4 27. Nxa4 Qf7 28. Nc3
a6 29. Rh3 Rf8 30. Kb1 Kh8 31. Kc1 Rb8 32. Qe2 Rg8 33. Nf3 Rxh3 34. Rxh3 Bf6 35.
Rh2 Ng6 36. Qf1 Qd7 37. a4 Rg7 38. Rh5 Ne7 39. Kc2 Qg4 40. Rh2 Kg8 41. Qh1 h5
42. Kd3 Rh7 43. Ke2 Ng6 44. Kd3 Nh8 45. Nh4 Bxh4 46. Rxh4 Qg5 47. Qh3 Ng6 48.
Qe6+ Rf7 49. Rh2 f3 50. g3 h4 51. Qc8+ Kg7 52. gxh4 Qg1 53. Rh3 Nf4+ 54. Kc2
Nxh3 55. Qxh3 Qxf2+ 56. Kb3 Qg2 0-1

[Event "FIDE World Rapid 2014"]
[Site "Dubai UAE"]
[Date "2014.06.17"]
[Round "6.25"]
[White "Durarbayli, Vasif"]
[Black "Potkin, Vladimir"]
[Result "0-1"]
[WhiteTitle "GM"]
[BlackTitle "GM"]
[WhiteElo "2590"]
[BlackElo "2621"]
[WhiteFideId "13402935"]
[BlackFideId "4131061"]
[EventDate "2014.06.16"]

1. e4 e6 2. d4 d5 3. Nd2 c5 4. Ngf3 cxd4 5. exd5 Qxd5 6. Bc4 Qd6 7. O-O Nf6 8.
Nb3 Nc6 9. Nbxd4 Nxd4 10. Nxd4 Be7 11. c3 O-O 12. Bb3 Bd7 13. Re1 a5 14. a4 Qb6
15. Bg5 Rfe8 16. Qd3 Rad8 17. Rad1 Bc6 18. Qh3 h6 19. Bxh6 gxh6 20. Qxh6 Be4 21.
Rd2 Rxd4 22. cxd4 Qxb3 23. Re3 Ng4 24. Rxb3 Nxh6 25. f3 Bd5 26. Rb5 Nf5 27. Kf2
Rc8 28. Re2 Nxd4 29. Rxd5 exd5 30. Rxe7 Rc2+ 31. Kf1 Rxb2 32. h4 Nf5 33. Re5
Nxh4 34. Rxd5 b6 35. f4 Rxg2 36. Rb5 Rg4 0-1

[Event "FIDE World Rapid 2014"]
[Site "Dubai UAE"]
[Date "2014.06.17"]
[Round "6.26"]
[White "Inarkiev, Ernesto"]
[Black "Al-Sayed, Mohammed"]
[Result "1-0"]
[WhiteTitle "GM"]
[BlackTitle "GM"]
[WhiteElo "2682"]
[BlackElo "2505"]
[WhiteFideId "4162722"]
[BlackFideId "12100196"]
[EventDate "2014.06.16"]

1. e4 c5 2. Nf3 d6 3. d4 cxd4 4. Nxd4 Nf6 5. Nc3 a6 6. h3 e6 7. g4 Nfd7 8. g5 b5
9. a3 Bb7 10. h4 Nc5 11. f3 d5 12. b4 Ncd7 13. exd5 Qc7 14. Qd2 Bd6 15. dxe6 Ne5
16. Rh3 O-O 17. f4 fxe6 18. Ndxb5 axb5 19. Nxb5 Qc6 20. Nxd6 Nf3+ 21. Rxf3 Qxf3
22. Qe3 Qd5 23. Nxb7 Qxb7 24. Bb2 e5 25. Bxe5 Nd7 26. Bc4+ Kh8 27. Bxg7+ Kxg7
28. O-O-O Nf6 29. gxf6+ Rxf6 30. Bd5 Qa7 31. Qg3+ Kh8 32. Bxa8 Qxa8 33. Rd7 Qf8
34. Qd3 1-0

[Event "FIDE World Rapid 2014"]
[Site "Dubai UAE"]
[Date "2014.06.17"]
[Round "6.28"]
[White "Ipatov, Alexander"]
[Black "Eljanov, Pavel"]
[Result "1-0"]
[WhiteTitle "GM"]
[BlackTitle "GM"]
[WhiteElo "2613"]
[BlackElo "2723"]
[WhiteFideId "14116731"]
[BlackFideId "14102951"]
[EventDate "2014.06.16"]

1. d4 Nf6 2. c4 e6 3. Nc3 Bb4 4. e3 O-O 5. Ne2 Re8 6. a3 Bf8 7. d5 a5 8. Ng3 Na6
9. Bd3 Nc5 10. Bc2 exd5 11. cxd5 b5 12. O-O Bb7 13. Qd4 b4 14. axb4 axb4 15.
Rxa8 Qxa8 16. Qxb4 Nxd5 17. Qh4 h6 18. Nce2 Ne6 19. Bb1 Nf6 20. f3 Bc5 21. Kh1
Ba6 22. e4 Nh7 23. Rd1 Bf2 24. Qg4 Nf6 25. Qf5 Qd8 26. e5 Nf8 27. exf6 Bxe2 28.
Nxe2 Rxe2 29. fxg7 Kxg7 30. Bd3 Re6 31. Bc4 Rf6 32. Qc2 Rc6 33. b3 Bh4 34. Qf5
Bf6 35. Qf4 Qe7 36. Qxh6+ Kg8 37. Qe3 Qxe3 38. Bxe3 d6 39. g3 Ng6 40. f4 Ne7 41.
Bf2 Kg7 42. Kg2 Nc8 43. g4 Nb6 44. g5 Bb2 45. Rd2 Nxc4 46. bxc4 Ba3 47. Rc2 Kg6
48. Kf3 Kf5 49. h4 Bc5 50. Bxc5 Rxc5 51. h5 d5 52. h6 Kg6 53. f5+ Kh7 54. Rh2
dxc4 55. g6+ Kh8 56. g7+ Kh7 57. Rg2 1-0

[Event "FIDE World Rapid 2014"]
[Site "Dubai UAE"]
[Date "2014.06.17"]
[Round "6.29"]
[White "Wojtaszek, Radoslaw"]
[Black "Lenic, Luka"]
[Result "1-0"]
[WhiteTitle "GM"]
[BlackTitle "GM"]
[WhiteElo "2715"]
[BlackElo "2659"]
[WhiteFideId "1118358"]
[BlackFideId "14603853"]
[EventDate "2014.06.16"]

1. d4 Nf6 2. c4 d6 3. Nf3 Bg4 4. Nc3 g6 5. e4 Bg7 6. Be2 O-O 7. O-O c5 8. d5 Na6
9. Be3 Bxf3 10. Bxf3 Nd7 11. Qd2 Nc7 12. Be2 a6 13. a4 Rb8 14. Rad1 Na8 15. Qc2
Qa5 16. Ra1 Rfe8 17. h4 Qd8 18. h5 Nc7 19. Rad1 e6 20. Qd2 exd5 21. exd5 Nf6 22.
Bg5 Re7 23. Qf4 Re5 24. h6 Bh8 25. Qh4 Rxg5 26. Qxg5 Nd7 27. Qxd8+ Rxd8 28. Ne4
Nf6 29. Ng5 Rb8 30. b3 a5 31. Rfe1 Na6 32. Bf3 Kf8 33. Re2 Nb4 34. g3 b6 35. Kg2
Rd8 36. Kf1 Rb8 37. Ke1 Rd8 38. Kd2 Re8 39. Rxe8+ Kxe8 40. Re1+ Kf8 41. Bg2 Na6
42. Bh3 Nc7 43. Bc8 Nce8 44. Bb7 Nc7 45. Bc6 Na6 46. Nxh7+ 1-0

[Event "FIDE World Rapid 2014"]
[Site "Dubai UAE"]
[Date "2014.06.17"]
[Round "6.30"]
[White "Zhigalko, Sergei"]
[Black "Salgado Lopez, Ivan"]
[Result "1-0"]
[WhiteTitle "GM"]
[BlackTitle "GM"]
[WhiteElo "2678"]
[BlackElo "2622"]
[WhiteFideId "13502956"]
[BlackFideId "2257327"]
[EventDate "2014.06.16"]

1. e4 e6 2. d4 d5 3. e5 c5 4. c3 Nc6 5. Nf3 Qb6 6. a3 c4 7. Nbd2 Na5 8. Be2 Bd7
9. O-O Ne7 10. Rb1 h6 11. Re1 Qc7 12. Qc2 Nc8 13. Bd1 Nb6 14. Nf1 Ba4 15. Qe2
Bxd1 16. Qxd1 O-O-O 17. Ng3 Be7 18. Be3 Qd7 19. Nh5 Rhg8 20. Qc2 Qe8 21. Re2 Nd7
22. Rbe1 Qf8 23. h3 g6 24. Ng3 Qg7 25. Nf1 Rh8 26. g3 Rdg8 27. Kg2 Nb3 28. N3d2
Nxd2 29. Nxd2 Qf8 30. b3 cxb3 31. Qxb3 Kb8 32. c4 dxc4 33. Nxc4 Qc8 34. d5 exd5
35. Nd6 Bxd6 36. exd6 Qc4 37. Qb2 Re8 38. Bxa7+ Kxa7 39. Rxe8 Rxe8 40. Rxe8 Nc5
41. Qb4 1-0

[Event "FIDE World Rapid 2014"]
[Site "Dubai UAE"]
[Date "2014.06.17"]
[Round "6.31"]
[White "Meier, Georg"]
[Black "Bartel, Mateusz"]
[Result "1/2-1/2"]
[WhiteTitle "GM"]
[BlackTitle "GM"]
[WhiteElo "2632"]
[BlackElo "2641"]
[WhiteFideId "4675789"]
[BlackFideId "1112635"]
[EventDate "2014.06.16"]

1. Nf3 f5 2. g3 g6 3. Bg2 Bg7 4. O-O e5 5. c4 d6 6. Nc3 Nf6 7. b4 O-O 8. Bb2 e4
9. Nd4 Nc6 10. Nxc6 bxc6 11. d3 Rb8 12. a3 c5 13. b5 Bb7 14. a4 Qe7 15. e3 Qf7
16. Rc1 Rbe8 17. Ne2 g5 18. d4 Nh5 19. h3 f4 20. g4 f3 21. gxh5 Qxh5 22. Ng3 Qh4
23. Rc2 g4 24. Re1 h5 25. Bf1 Qg5 26. h4 Qxh4 27. dxc5 Bxb2 28. Rxb2 Qf6 29. Qd4
h4 30. c6 Bc8 31. Nxe4 Rxe4 32. Qxe4 Qxb2 33. c5 Qxf2+ 34. Kxf2 g3+ 35. Kg1 f2+
36. Kh1 fxe1=Q 37. Qg6+ Kh8 38. Qh6+ Kg8 39. Qg6+ Kh8 40. Qh6+ Kg8 41. Qg6+ 1/2-1/2

[Event "FIDE World Rapid 2014"]
[Site "Dubai UAE"]
[Date "2014.06.17"]
[Round "6.32"]
[White "Yu, Yangyi"]
[Black "Anton Guijarro, David"]
[Result "1/2-1/2"]
[WhiteTitle "GM"]
[BlackTitle "GM"]
[WhiteElo "2675"]
[BlackElo "2631"]
[WhiteFideId "8603820"]
[BlackFideId "2285525"]
[EventDate "2014.06.16"]

1. e4 g6 2. d4 Bg7 3. Nc3 c6 4. Nf3 d6 5. Be2 Nf6 6. O-O O-O 7. h3 Qc7 8. a4 e5
9. Re1 Nbd7 10. Be3 exd4 11. Bxd4 Ne5 12. a5 Nfd7 13. Qd2 Re8 14. Red1 Nf8 15.
Be3 Nxf3+ 16. Bxf3 Be5 17. Be2 Qe7 18. Bf1 Rd8 19. g3 Be6 20. Bg2 Qc7 21. f4 Bg7
22. Qf2 Nd7 23. Rd2 b5 24. Bd4 Bh6 25. Ne2 Bc4 26. b3 Bxe2 27. Rxe2 Re8 28. Kh2
a6 29. Rd2 Bf8 30. Bc3 Qa7 31. Bd4 Qc7 32. b4 c5 33. bxc5 Nxc5 34. Bb2 Bg7 35.
Bxg7 Kxg7 36. e5 dxe5 37. Bxa8 Rxa8 38. Rd5 Ne4 39. Qg2 Nf6 40. Rxe5 Rc8 41. Re2
Qc3 42. Qg1 h5 43. Rd1 Qxa5 44. Qd4 Qc3 45. Qxc3 Rxc3 46. Ra1 Rc6 47. Kg2 Nd5
48. Ra3 Nb4 49. c3 Nd5 50. Rea2 h4 51. Rxa6 Rxc3 52. R6a3 Rc4 53. Rd2 Nf6 54. g4
Rxf4 55. Rf2 Nd5 56. Rxf4 Nxf4+ 57. Kh2 Kf6 58. Rb3 Kg5 59. Rxb5+ f5 60. Ra5 Ne6
61. gxf5 gxf5 62. Ra8 Nf4 63. Ra3 Kf6 64. Rf3 Kg5 65. Kg1 Ne6 66. Kf2 Nf4 67.
Ke3 Ne6 68. Rf1 Kf6 69. Kf3 Ng5+ 70. Kg2 Ne6 71. Rf3 Kg5 72. Kf2 Nf4 73. Ra3 Ne6
74. Ra1 Nf4 75. Kf3 Ne6 76. Ra4 Nf8 77. Ra8 Ng6 78. Rg8 Kf6 79. Ke3 Kf7 80. Ra8
Kf6 81. Ra3 Kg5 82. Ra1 Kf6 83. Rg1 Nf8 84. Ra1 Ng6 85. Kd4 Nf4 86. Ra3 Kg5 87.
Rf3 Ng6 88. Kd5 Nf4+ 89. Ke5 Ng6+ 90. Kd4 Nf4 91. Ra3 Ng6 92. Ke3 Nf4 93. Kf2
Ng6 94. Ra1 Nf4 95. Kf3 Ng6 96. Re1 Kf6 97. Rg1 Ne5+ 98. Ke3 Ng6 99. Ra1 Kg5
100. Kf3 Ne5+ 101. Ke3 Ng6 102. Ra8 Kf6 103. Ra7 Kg5 104. Rg7 Kf6 105. Rh7 Kg5
106. Rg7 Kf6 107. Rg8 Kf7 108. Ra8 Kf6 109. Kf3 Ne5+ 110. Kf2 Ng6 111. Ke3 Kg5
112. Rg8 Kf6 113. Ra8 Kg5 114. Kf3 Ne5+ 115. Kg2 Ng6 116. Rg8 Kf6 117. Kf3 Kf7
118. Ra8 Kf6 119. Ra7 Ne5+ 120. Ke3 Ng6 121. Rh7 Kg5 122. Kf3 Ne5+ 123. Kf2 Ng6
124. Ke3 Nf4 125. Rg7+ Kf6 126. Rh7 Kg5 127. Rg7+ 1/2-1/2